[Event "Liptovske Sliace op 14th"]
[Site "Liptovske Sliace"]
[Date "2024.04.28"]
[Round "8"]
[White "Dusbaba, Karel"]
[Black "Prochazka, Michal"]
[Result "1-0"]
[WhiteElo "1974"]
[BlackElo "1855"]
[PlyCount "77"]
[EventDate "2024.04.26"]
[EventType "swiss"]
[EventRounds "8"]
[EventCountry "SVK"]
[SourceTitle "CBM 220 Extra"]
[Source "ChessBase"]
[SourceDate "2024.07.31"]
[SourceVersion "1"]
[SourceVersionDate "2024.07.31"]
[SourceQuality "1"]

1. c4 Nf6 2. Nc3 g6 3. e4 d6 4. d4 Bg7 5. f3 0-0 6. Be3 c5 7. Nge2 Nc6 8. Qd2 cxd4 9. Nxd4 Bd7 10. Be2 a6 11. 0-0 Qc7 12. Nd5 Qd8 13. Rfd1 Rb8 14. Rac1 Ne5 15. Nb3 b5 16. Nxf6+ Bxf6 17. c5 dxc5 18. Nxc5 Bc6 19. Nxa6 Qxd2 20. Rxd2 Rbd8 21. Nb4 Rxd2 22. Bxd2 Rd8 23. Bc3 Be8 24. Nd5 Kg7 25. Nxe7 b4 26. Bxb4 Bxe7 27. Bxe7 Rd2 28. Bf1 Rxb2 29. a3 Ra2 30. Bb4 Nc6 31. Bc5 Kf6 32. f4 g5 33. fxg5+ Kxg5 34. Be3+ Kf6 35. Bb5 Rxa3 36. Bxc6 Rxe3 37. Bxe8 Rxe4 38. Rf1+ Kg5 39. Bxf7 1-0

[Event "Liptovske Sliace op 14th"]
[Site "Liptovske Sliace"]
[Date "2024.04.27"]
[Round "4"]
[White "Dusbaba, Karel"]
[Black "Smetana, Peter"]
[Result "1/2-1/2"]
[WhiteElo "1974"]
[BlackElo "1949"]
[PlyCount "128"]
[EventDate "2024.04.26"]
[EventType "swiss"]
[EventRounds "8"]
[EventCountry "SVK"]
[SourceTitle "CBM 220 Extra"]
[Source "ChessBase"]
[SourceDate "2024.07.31"]
[SourceVersion "1"]
[SourceVersionDate "2024.07.31"]
[SourceQuality "1"]

1. c4 e5 2. Nc3 Nc6 3. g3 g6 4. Bg2 Bg7 5. Nf3 f5 6. e4 d6 7. d3 Nf6 8. 0-0 0-0 9. a3 a5 10. Rb1 Be6 11. b4 fxe4 12. Ng5 Bg4 13. f3 exf3 14. Bxf3 Bxf3 15. Qxf3 Qc8 16. Nd5 axb4 17. Nxf6+ Bxf6 18. Qd5+ Kh8 19. Nf7+ Rxf7 20. Qxf7 Bg7 21. axb4 Nd4 22. Bg5 Qh3 23. Qf2 Nf5 24. Qg2 Qg4 25. Bd2 Qd4+ 26. Kh1 Ra2 27. Qxb7 h5 28. Rxf5 Rxd2 29. Rf3 Rxd3 30. Rxd3 Qxd3 31. Re1 Qxc4 32. Qe4 Qc3 33. Re3 Qc1+ 34. Re1 Qc3 35. Re2 Kh7 36. Kg2 Qa3 37. Rc2 Qa7 38. b5 Qa5 39. Qc4 Qa8+ 40. Qc6 Qa4 41. Rf2 Qa7 42. Qc4 Qa5 43. Ra2 Qe1 44. Qe2 Qb4 45. Rc2 Qa5 46. Qc4 Qa8+ 47. Kg1 Qa7+ 48. Kf1 Qa8 49. Qc6 Qa1+ 50. Kg2 Qa4 51. b6 Qxc6+ 52. Rxc6 cxb6 53. Rxd6 e4 54. Rxb6 e3 55. Kf3 Bd4 56. Rd6 Bc5 57. Rd5 Bb6 58. h3 Kg7 59. Rd6 Bc5 60. Rc6 Bd4 61. Ke2 Be5 62. g4 hxg4 63. hxg4 Bf4 64. Kf3 g5 1/2-1/2

[Event "Hradec Kralove op 13th"]
[Site "Hradec Kralove"]
[Date "2023.11.09"]
[Round "7"]
[White "Wieczorek, Lech"]
[Black "Dusbaba, Karel"]
[Result "0-1"]
[WhiteElo "1650"]
[BlackElo "1993"]
[PlyCount "80"]
[EventDate "2023.11.04"]
[EventType "swiss"]
[EventRounds "9"]
[EventCountry "CZE"]
[SourceTitle "CBM 217 Extra"]
[Source "ChessBase"]
[SourceDate "2024.01.31"]
[SourceVersion "1"]
[SourceVersionDate "2024.01.31"]
[SourceQuality "1"]

1. d4 e6 2. c4 d5 3. Nf3 c6 4. g3 f5 5. Bg2 Nf6 6. 0-0 Bd6 7. b3 0-0 8. Ba3 Bxa3 9. Nxa3 Nbd7 10. Nc2 Ne4 11. Nce1 Nd6 12. c5 Nf7 13. Nd3 Qf6 14. Qd2 e5 15. dxe5 Nfxe5 16. Nfxe5 Nxe5 17. Nxe5 Qxe5 18. e3 Bd7 19. Rad1 Rae8 20. Rfe1 Bc8 21. b4 a6 22. a4 Qf6 23. b5 axb5 24. axb5 g5 25. bxc6 bxc6 26. Qd4 Qe7 27. Qb4 Rf6 28. Rd4 Qg7 29. Rb1 Ref8 30. h4 h6 31. Bh3 Ba6 32. Qb6 Be2 33. Ra1 f4 34. Ra7 Qg6 35. hxg5 hxg5 36. e4 fxg3 37. fxg3 Qh6 38. Bf5 dxe4 39. Rh7 Rxf5 40. Rxh6 Rf1+ 0-1

[Event "Hradec Kralove op 13th"]
[Site "Hradec Kralove"]
[Date "2023.11.07"]
[Round "5"]
[White "Dusbaba, Karel"]
[Black "Cupid, Kevin"]
[Result "0-1"]
[WhiteElo "1993"]
[BlackElo "2186"]
[PlyCount "48"]
[EventDate "2023.11.04"]
[EventType "swiss"]
[EventRounds "9"]
[EventCountry "CZE"]
[SourceTitle "CBM 217 Extra"]
[Source "ChessBase"]
[SourceDate "2024.01.31"]
[SourceVersion "1"]
[SourceVersionDate "2024.01.31"]
[SourceQuality "1"]

1. c4 e5 2. Nc3 Nc6 3. g3 g6 4. Bg2 Bg7 5. Nf3 d6 6. d3 Nge7 7. Bd2 Nd4 8. Nd5 Nxf3+ 9. Bxf3 c6 10. Nxe7 Qxe7 11. Qc2 Bh3 12. 0-0-0 0-0 13. Kb1 Rac8 14. Bb4 b6 15. Rhg1 Be6 16. Qa4 a5 17. Bd2 d5 18. cxd5 cxd5 19. Rc1 e4 20. dxe4 b5 21. Qa3 b4 22. Qd3 Qf6 23. e5 Qxe5 24. Qb3 a4 0-1

[Event "Hradec Kralove op 13th"]
[Site "Hradec Kralove"]
[Date "2023.11.07"]
[Round "4"]
[White "Rudowski, Szymon"]
[Black "Dusbaba, Karel"]
[Result "0-1"]
[WhiteElo "1764"]
[BlackElo "1993"]
[PlyCount "88"]
[EventDate "2023.11.04"]
[EventType "swiss"]
[EventRounds "9"]
[EventCountry "CZE"]
[SourceTitle "CBM 217 Extra"]
[Source "ChessBase"]
[SourceDate "2024.01.31"]
[SourceVersion "1"]
[SourceVersionDate "2024.01.31"]
[SourceQuality "1"]

1. e4 e6 2. d4 d5 3. Nc3 Bb4 4. Nge2 dxe4 5. a3 Be7 6. Nxe4 Nf6 7. Nxf6+ Bxf6 8. Be3 0-0 9. Qd2 Bd7 10. 0-0-0 Bb5 11. Nf4 Bxf1 12. Rhxf1 c6 13. Nh5 Nd7 14. f4 Nb6 15. Qd3 Nd5 16. Bd2 g6 17. Nxf6+ Nxf6 18. Qh3 Qd5 19. Kb1 Ne4 20. Bc1 f5 21. Qh6 Qd7 22. Rd3 Qg7 23. Qh4 Qf6 24. Qh6 Qg7 25. Qh4 Rad8 26. b3 Rd7 27. Bb2 Qe7 28. Qh6 Rfd8 29. Ka2 b5 30. g4 a5 31. gxf5 exf5 32. Rg1 Qf7 33. h4 Qf8 34. Qxf8+ Kxf8 35. c4 Re8 36. h5 Nf2 37. Rf3 Ng4 38. hxg6 hxg6 39. cxb5 cxb5 40. Rh3 Re2 41. Rh8+ Kf7 42. Rd1 Ne3 43. Rd3 Nd5 44. Rd1 Nc3+ 0-1

[Event "Hradec Kralove op 13th"]
[Site "Hradec Kralove"]
[Date "2023.11.05"]
[Round "2"]
[White "Sailaubay, Aldiyar"]
[Black "Dusbaba, Karel"]
[Result "1-0"]
[WhiteElo "1660"]
[BlackElo "1993"]
[PlyCount "79"]
[EventDate "2023.11.04"]
[EventType "swiss"]
[EventRounds "9"]
[EventCountry "CZE"]
[SourceTitle "CBM 217 Extra"]
[Source "ChessBase"]
[SourceDate "2024.01.31"]
[SourceVersion "1"]
[SourceVersionDate "2024.01.31"]
[SourceQuality "1"]

1. e4 e6 2. Nf3 d5 3. e5 c5 4. b4 b6 5. b5 a6 6. d4 axb5 7. Bxb5+ Bd7 8. Bd3 Qc7 9. c3 Nc6 10. 0-0 cxd4 11. cxd4 Nb4 12. Bf4 Ne7 13. a3 Ng6 14. Bg3 Be7 15. Be2 0-0 16. Nbd2 Ba4 17. Qb1 Nc2 18. Rc1 Rfc8 19. Ra2 Bxa3 20. Rf1 Qc3 21. h4 Nxd4 22. Nxd4 Qxd4 23. Rxa3 Qxd2 24. Bf3 b5 25. h5 Ne7 26. Qa1 Nf5 27. Bg4 Qg5 28. Bxf5 Qxf5 29. h6 g6 30. Rf3 Qh5 31. Bf4 Bc2 32. Qb2 Be4 33. Rg3 Qf5 34. Be3 Rab8 35. Rg5 Bxg2 36. Rxf5 Bxf1 37. Rf4 Bh3 38. Qa3 Re8 39. Ba7 Ra8 40. Qxh3 1-0

[Event "CZE-ch Seniors 50"]
[Site "Olomouc"]
[Date "2023.08.15"]
[Round "5"]
[White "Dusbaba, Karel"]
[Black "Jiruse, Josef"]
[Result "0-1"]
[WhiteElo "1963"]
[BlackElo "1914"]
[PlyCount "94"]
[EventDate "2023.08.12"]
[EventType "swiss"]
[EventRounds "9"]
[EventCountry "CZE"]
[SourceTitle "CBM 216 Extra"]
[Source "ChessBase"]
[SourceDate "2023.11.30"]
[SourceVersion "1"]
[SourceVersionDate "2023.11.30"]
[SourceQuality "1"]

1. c4 c5 2. Nc3 Nc6 3. g3 g6 4. Bg2 Bg7 5. Nf3 e5 6. 0-0 Nge7 7. d3 0-0 8. a3 d6 9. Bd2 h6 10. Rb1 Be6 11. b4 Qd7 12. Qb3 Rab8 13. Nd5 b6 14. Rfd1 f5 15. e3 g5 16. Bc3 Ng6 17. Ne1 f4 18. b5 Nd8 19. Rd2 Bg4 20. f3 Be6 21. e4 h5 22. Rf2 Bh6 23. Bd2 Rb7 24. Qd1 Qc8 25. Rb2 Rbf7 26. Bc1 Bd7 27. a4 Nb7 28. Ra2 Be6 29. Nc2 Kh7 30. Na1 g4 31. Nb3 h4 32. gxf4 Nxf4 33. Nxf4 Bxf4 34. Bxf4 Rxf4 35. fxg4 Bxg4 36. Qe1 h3 37. Rxf4 Rxf4 38. Bf1 Qg8 39. Qg3 Rf3 40. Qh4+ Bh5+ 41. Bg2 Qg6 42. Re2 hxg2 43. Rxg2 Qf7 44. Nd2 Rf6 45. Rg5 Rh6 46. Rf5 Qg7+ 47. Rg5 Qxg5+ 0-1

[Event "Liberec op 22nd"]
[Site "Liberec"]
[Date "2023.02.28"]
[Round "6"]
[White "Dusbaba, Karel"]
[Black "Rozumek, Krzysztof"]
[Result "1-0"]
[WhiteElo "2035"]
[BlackElo "1823"]
[PlyCount "71"]
[EventDate "2023.02.24"]
[EventType "swiss"]
[EventRounds "9"]
[EventCountry "CZE"]
[SourceTitle "CBM 213 Extra"]
[Source "ChessBase"]
[SourceDate "2023.05.31"]
[SourceVersion "1"]
[SourceVersionDate "2023.05.31"]
[SourceQuality "1"]

1. c4 Nf6 2. Nc3 e5 3. g3 Bc5 4. Bg2 c6 5. d3 d6 6. Nf3 0-0 7. 0-0 Bg4 8. a3 Nbd7 9. b4 Bb6 10. Bb2 Re8 11. Rc1 Nf8 12. Ng5 Qd7 13. Qd2 h6 14. Nge4 Nxe4 15. Nxe4 Bc7 16. e3 Bh3 17. f3 Bxg2 18. Kxg2 f5 19. Nf2 Ng6 20. Qc2 Re6 21. Rfd1 Rae8 22. Re1 Qf7 23. a4 h5 24. Bc3 R6e7 25. Nh3 f4 26. Bd2 d5 27. cxd5 cxd5 28. e4 fxg3 29. hxg3 h4 30. g4 Nf4+ 31. Nxf4 exf4 32. Qb3 dxe4 33. Qxf7+ Kxf7 34. Rxe4 g5 35. Rc5 Kf6 36. Rxc7 1-0

[Event "Hradec Kralove op 11th"]
[Site "Hradec Kralove"]
[Date "2022.11.08"]
[Round "4"]
[White "Dusbaba, Karel"]
[Black "Voriskova, Anna"]
[Result "1-0"]
[WhiteElo "2046"]
[BlackElo "1804"]
[PlyCount "71"]
[EventDate "2022.11.05"]
[EventType "swiss"]
[EventRounds "9"]
[EventCountry "CZE"]
[SourceTitle "CBM 211 Extra"]
[Source "ChessBase"]
[SourceDate "2023.01.31"]
[SourceVersion "1"]
[SourceVersionDate "2023.01.31"]
[SourceQuality "1"]

1. c4 c5 2. Nc3 Nc6 3. g3 g6 4. Bg2 Bg7 5. Nf3 d6 6. 0-0 e5 7. d3 Be6 8. a3 Nge7 9. Rb1 a5 10. Bd2 0-0 11. Nb5 d5 12. Ng5 Nd4 13. Nxe6 Nxe6 14. e3 d4 15. Bxb7 Rb8 16. Bg2 f5 17. Qe2 g5 18. exd4 Rxb5 19. cxb5 Nxd4 20. Qh5 f4 21. Qxg5 Qd7 22. Rfe1 f3 23. Bf1 Rf5 24. Bh3 Kh8 25. Be3 Ne2+ 26. Kh1 h6 27. Bxf5 Nxf5 28. Qh5 Nxe3 29. fxe3 Qd5 30. Qe8+ Kh7 31. Qc6 Qxd3 32. Qxf3 Nd4 33. Red1 Qxb1 34. exd4 Qxb2 35. Qd3+ Kg8 36. dxc5 1-0

[Event "Hradec Kralove op 11th"]
[Site "Hradec Kralove"]
[Date "2022.11.06"]
[Round "2"]
[White "Dusbaba, Karel"]
[Black "Novotny, Lubomir"]
[Result "1-0"]
[WhiteElo "2046"]
[BlackElo "1846"]
[PlyCount "95"]
[EventDate "2022.11.05"]
[EventType "swiss"]
[EventRounds "9"]
[EventCountry "CZE"]
[SourceTitle "CBM 211 Extra"]
[Source "ChessBase"]
[SourceDate "2023.01.31"]
[SourceVersion "1"]
[SourceVersionDate "2023.01.31"]
[SourceQuality "1"]

1. c4 b6 2. Nc3 Bb7 3. d4 Nf6 4. f3 d5 5. cxd5 Nxd5 6. e4 Nxc3 7. bxc3 e6 8. Be3 Be7 9. Bb5+ c6 10. Bd3 0-0 11. Ne2 c5 12. 0-0 Nc6 13. Bb5 Na5 14. Nc1 a6 15. Be2 Rc8 16. Nb3 cxd4 17. Nxa5 bxa5 18. cxd4 Bg5 19. Qd2 Bxe3+ 20. Qxe3 Qe7 21. Rab1 Rc7 22. Rfc1 h6 23. Rxc7 Qxc7 24. Qb3 Bc8 25. Qc4 Qf4 26. Qc1 Qd6 27. Qc5 Qf4 28. Qc3 Bd7 29. Bxa6 a4 30. Rb6 Kh7 31. g3 Qg5 32. Rd6 Be8 33. Kg2 h5 34. h4 Qe7 35. Qc5 g6 36. d5 exd5 37. Qxd5 Qc7 38. Be2 a3 39. f4 Ba4 40. Bc4 Rc8 41. Qxf7+ Qxf7 42. Bxf7 Rc2+ 43. Kf3 Rc3+ 44. Kf2 Rc2+ 45. Ke3 Rc3+ 46. Rd3 Rc7 47. Rxa3 Bd1 48. Bd5 1-0

[Event "Olomouc Seniors op"]
[Site "Olomouc"]
[Date "2022.08.14"]
[Round "3"]
[White "Nemec, Pavel"]
[Black "Dusbaba, Karel"]
[Result "1/2-1/2"]
[WhiteElo "2159"]
[BlackElo "2005"]
[PlyCount "28"]
[EventDate "2022.08.13"]
[EventType "swiss"]
[EventRounds "9"]
[EventCountry "CZE"]
[SourceTitle "CBM 209 Extra"]
[Source "ChessBase"]
[SourceDate "2022.09.30"]
[SourceVersion "1"]
[SourceVersionDate "2022.09.30"]
[SourceQuality "1"]

1. e4 e6 2. d4 d5 3. e5 c5 4. c3 Nc6 5. Nf3 Qb6 6. a3 a5 7. Be2 Bd7 8. 0-0 Nge7 9. dxc5 Qc7 10. Re1 Ng6 11. Bd3 Bxc5 12. Qe2 Qb6 13. Qc2 Qc7 14. Bxg6 hxg6 1/2-1/2

[Event "Teplice City-ch"]
[Site "Teplice"]
[Date "2022.05.17"]
[Round "12"]
[White "Dusbaba, Karel"]
[Black "Kubik, Miroslav"]
[Result "1-0"]
[WhiteElo "1993"]
[BlackElo "1610"]
[PlyCount "85"]
[EventDate "2022.04.05"]
[EventType "tourn"]
[EventRounds "13"]
[EventCountry "CZE"]
[SourceTitle "EXT 2023"]
[Source "ChessBase"]
[SourceDate "2022.10.05"]
[SourceVersion "1"]
[SourceVersionDate "2022.10.05"]
[SourceQuality "1"]

1. c4 c5 2. Nc3 Nc6 3. g3 g6 4. Bg2 Bg7 5. Nf3 Nf6 6. 0-0 0-0 7. d4 cxd4 8. Nxd4 Nxd4 9. Qxd4 d6 10. Qd3 a6 11. Be3 Ng4 12. Bd4 Ne5 13. Bxe5 Bxe5 14. Rfd1 Bf5 15. Qd2 Bxc3 16. Qxc3 Qc7 17. Rac1 Rac8 18. Qd4 Rfd8 19. Qe3 b6 20. h4 h5 21. Bf3 Kg7 22. b3 Rb8 23. Rd5 e5 24. Rcd1 Be6 25. Rxd6 Rxd6 26. Qxe5+ f6 27. Qxd6 Qxd6 28. Rxd6 Kf7 29. Bd5 Re8 30. Rd7+ Re7 31. Bxe6+ Kxe6 32. Rxe7+ Kxe7 33. Kf1 Kd6 34. Ke1 Kc5 35. Kd2 Kb4 36. Kc2 Ka3 37. Kb1 a5 38. e4 a4 39. f4 axb3 40. axb3 Kxb3 41. e5 fxe5 42. fxe5 Kxc4 43. e6 1-0

[Event "Teplice City-ch"]
[Site "Teplice"]
[Date "2022.05.10"]
[Round "10"]
[White "Dusbaba, Karel"]
[Black "Stastny, Petr"]
[Result "1/2-1/2"]
[WhiteElo "1993"]
[BlackElo "1953"]
[PlyCount "50"]
[EventDate "2022.04.05"]
[EventType "tourn"]
[EventRounds "13"]
[EventCountry "CZE"]
[SourceTitle "EXT 2023"]
[Source "ChessBase"]
[SourceDate "2022.10.05"]
[SourceVersion "1"]
[SourceVersionDate "2022.10.05"]
[SourceQuality "1"]

1. c4 e5 2. Nc3 Nf6 3. g3 d5 4. cxd5 Nxd5 5. Bg2 Nb6 6. Nf3 Nc6 7. 0-0 Be7 8. d3 0-0 9. Be3 Be6 10. Ne4 Bd5 11. Nc5 f5 12. Nb3 g5 13. Nfd2 f4 14. Bxb6 axb6 15. Bxd5+ Qxd5 16. Qc1 b5 17. Ne4 b4 18. Rd1 Rfd8 19. g4 Kg7 20. h3 h5 21. Kg2 hxg4 22. hxg4 Qe6 23. f3 Qd5 24. Qc2 Rh8 25. Rh1 Rxh1 1/2-1/2

[Event "Teplice City-ch"]
[Site "Teplice"]
[Date "2022.04.05"]
[Round "1"]
[White "Dusbaba, Karel"]
[Black "Bazantova, Marie"]
[Result "1-0"]
[WhiteElo "1993"]
[BlackElo "1784"]
[PlyCount "63"]
[EventDate "2022.04.05"]
[EventType "tourn"]
[EventRounds "13"]
[EventCountry "CZE"]
[SourceTitle "EXT 2023"]
[Source "ChessBase"]
[SourceDate "2022.10.05"]
[SourceVersion "1"]
[SourceVersionDate "2022.10.05"]
[SourceQuality "1"]

1. c4 e5 2. Nc3 Nc6 3. g3 g6 4. Nf3 Bg7 5. Bg2 Nge7 6. 0-0 0-0 7. Nd5 e4 8. Ng5 f5 9. d3 exd3 10. Qxd3 h6 11. Nf3 d6 12. Rb1 Be6 13. Nxe7+ Qxe7 14. Be3 Kh7 15. b3 Rad8 16. Nd4 Ne5 17. Qd2 Bc8 18. Nb5 a6 19. Nc3 c6 20. Bb6 Rde8 21. Rbd1 Nf7 22. Rfe1 Be6 23. e4 Qd7 24. f4 fxe4 25. Nxe4 Bf5 26. Bd4 Bxe4 27. Bxe4 Qg4 28. Kg2 h5 29. h3 Qd7 30. Qd3 Bxd4 31. Bxg6+ Kg7 32. Bf5 1-0

[Event "Liberec op 21st"]
[Site "Liberec"]
[Date "2022.02.09"]
[Round "6"]
[White "Gschiel, Alexander"]
[Black "Dusbaba, Karel"]
[Result "1-0"]
[WhiteElo "2109"]
[BlackElo "1987"]
[PlyCount "87"]
[EventDate "2022.02.05"]
[EventType "swiss"]
[EventRounds "9"]
[EventCountry "CZE"]
[SourceTitle "EXT 2023"]
[Source "ChessBase"]
[SourceDate "2022.10.05"]
[SourceVersion "1"]
[SourceVersionDate "2022.10.05"]
[SourceQuality "1"]

1. d4 e6 2. c4 d5 3. Nf3 c6 4. g3 f5 5. Bg2 Nf6 6. 0-0 Bd6 7. Bf4 0-0 8. e3 Qe7 9. Nc3 Ne4 10. Rc1 Nd7 11. Qb3 Kh8 12. Rfd1 h6 13. cxd5 exd5 14. Bxd6 Qxd6 15. Ne1 Qe7 16. Nd3 Kh7 17. Re1 Nd6 18. Qa3 Re8 19. Bxd5 cxd5 20. Nxd5 Qf8 21. Nc7 Rb8 22. Nxe8 Nxe8 23. Qxa7 Qd6 24. Ne5 Qb6 25. Qxb6 Nxb6 26. Nd3 Be6 27. b3 Nf6 28. f3 Bd5 29. Kf2 h5 30. Nc5 g5 31. e4 fxe4 32. fxe4 Bc6 33. d5 Bb5 34. a4 Ng4+ 35. Kg2 Be8 36. a5 Nd7 37. Nxd7 Bxd7 38. e5 Bb5 39. h3 Nh6 40. Rc5 Bd3 41. d6 Nf5 42. Rd5 Bc2 43. e6 Ng7 44. d7 1-0

[Event "Hradec Kralove op 11th"]
[Site "Hradec Kralove"]
[Date "2021.11.12"]
[Round "8"]
[White "Marinc, Damir"]
[Black "Dusbaba, Karel"]
[Result "1/2-1/2"]
[WhiteElo "1906"]
[BlackElo "2007"]
[PlyCount "97"]
[EventDate "2021.11.06"]
[EventType "swiss"]
[EventRounds "9"]
[EventCountry "CZE"]
[SourceTitle "CBM 205 Extra"]
[Source "ChessBase"]
[SourceDate "2022.01.31"]
[SourceVersion "1"]
[SourceVersionDate "2022.01.31"]
[SourceQuality "1"]

1. d4 e6 2. c4 d5 3. Nc3 f5 4. cxd5 exd5 5. Nf3 Nf6 6. Bg5 c6 7. Bxf6 Qxf6 8. e3 Bd6 9. Qc2 0-0 10. Bd3 Be6 11. g3 Qe7 12. Ne5 Nd7 13. Nxd7 Bxd7 14. 0-0 Rf6 15. Rfe1 Raf8 16. Bf1 Rh6 17. Re2 Be8 18. Ree1 g5 19. f4 Qg7 20. Qd2 Kh8 21. a3 Re6 22. Bg2 h5 23. Kf2 h4 24. Rg1 Qh6 25. Bf3 Rg6 26. Ne2 Rg7 27. Raf1 Bh5 28. Bxh5 Qxh5 29. fxg5 Qxg5 30. Nf4 Re8 31. Qd1 Rh7 32. Qf3 Rg8 33. Ke2 hxg3 34. hxg3 Rh2+ 35. Kd3 Bxf4 36. Rh1 Bxg3 37. Rxh2+ Bxh2 38. Qh3+ Kg7 39. Qxh2 Kf7 40. Qc7+ Kf6 41. Qe5+ Kg6 42. Qe6+ Kg7 43. Rxf5 Qg6 44. Qd7+ Kh6 45. Kc3 Rg7 46. Qc8 Rg8 47. Qd7 Rg7 48. Qc8 Rg8 49. Qd7 1/2-1/2

[Event "Prague Autumn op 1st"]
[Site "Prague"]
[Date "2021.09.25"]
[Round "2"]
[White "Mueller, Reinhold"]
[Black "Dusbaba, Karel"]
[Result "1-0"]
[WhiteElo "2330"]
[BlackElo "1999"]
[PlyCount "111"]
[EventDate "2021.09.24"]
[EventType "swiss"]
[EventRounds "5"]
[EventCountry "CZE"]
[SourceTitle "CBM 204 Extra"]
[Source "ChessBase"]
[SourceDate "2021.11.30"]
[SourceVersion "1"]
[SourceVersionDate "2021.11.30"]
[SourceQuality "1"]

1. d4 e6 2. c4 d5 3. Nf3 c6 4. g3 Bd6 5. Bg2 Nd7 6. 0-0 f5 7. b3 Ngf6 8. Bb2 Ne4 9. Nbd2 0-0 10. Ne5 Qa5 11. Ndf3 Ndf6 12. Nd3 Bd7 13. Nfe5 Qd2 14. Qxd2 Nxd2 15. Rfd1 Nde4 16. f3 Ng5 17. Nf4 Rfe8 18. h4 Nf7 19. e4 fxe4 20. fxe4 dxe4 21. Bh3 Bc8 22. Rf1 Nh6 23. Rae1 Nf5 24. g4 Nxh4 25. g5 Nf3+ 26. Rxf3 exf3 27. gxf6 gxf6 28. Ned3 e5 29. Bxc8 Raxc8 30. Nh5 Kf7 31. Nxf6 Kxf6 32. dxe5+ Bxe5 33. Nxe5 Kf5 34. Kf2 Rcd8 35. Bc3 Kf4 36. Re3 Rf8 37. Rxf3+ Ke4 38. Nf7 h6 39. Ke2 Rd7 40. Nd6+ Rxd6 41. Rxf8 Rg6 42. Re8+ Kf5 43. Bd4 a6 44. Kf3 Rd6 45. Re5+ Kg6 46. Be3 b5 47. c5 Rf6+ 48. Kg4 a5 49. Rh5 Kf7 50. Rf5 h5+ 51. Kg5 Rxf5+ 52. Kxf5 h4 53. a4 bxa4 54. bxa4 h3 55. Bf4 Ke7 56. Ke5 1-0

[Event "Vsetin op 45th"]
[Site "Vsetin"]
[Date "2020.07.08"]
[Round "6"]
[White "Vylicil, Adam"]
[Black "Dusbaba, Karel"]
[Result "1/2-1/2"]
[WhiteElo "1842"]
[BlackElo "2039"]
[PlyCount "59"]
[EventDate "2020.07.04"]
[EventType "swiss"]
[EventRounds "9"]
[EventCountry "CZE"]
[SourceTitle "CBM 197 Extra"]
[Source "ChessBase"]
[SourceDate "2020.09.30"]
[SourceVersion "1"]
[SourceVersionDate "2020.09.30"]
[SourceQuality "1"]

1. d4 e6 2. Nf3 d5 3. Bf4 Bd6 4. Bg3 c5 5. c3 Nc6 6. e3 Nf6 7. Nbd2 0-0 8. Bd3 Qe7 9. dxc5 Bxc5 10. e4 dxe4 11. Bxe4 Nxe4 12. Nxe4 e5 13. Bh4 Rd8 14. Bxe7 Rxd1+ 15. Rxd1 Bxe7 16. 0-0 f6 17. b3 Bg4 18. h3 Be6 19. c4 Bb4 20. Ne1 b6 21. Nc2 Be7 22. Nc3 Bc5 23. Nd5 Rc8 24. Rfe1 Kf7 25. Kf1 Ne7 26. Nxe7 Bxe7 27. Ne3 g5 28. Nd5 Bc5 29. Re2 h5 30. Red2 1/2-1/2

[Event "Vsetin op 45th"]
[Site "Vsetin"]
[Date "2020.07.07"]
[Round "5"]
[White "Dusbaba, Karel"]
[Black "Cerny, Michal"]
[Result "1/2-1/2"]
[WhiteElo "2039"]
[BlackElo "1686"]
[PlyCount "135"]
[EventDate "2020.07.04"]
[EventType "swiss"]
[EventRounds "9"]
[EventCountry "CZE"]
[SourceTitle "CBM 197 Extra"]
[Source "ChessBase"]
[SourceDate "2020.09.30"]
[SourceVersion "1"]
[SourceVersionDate "2020.09.30"]
[SourceQuality "1"]

1. c4 c5 2. Nc3 Nf6 3. g3 e6 4. Bg2 Nc6 5. Nf3 d5 6. cxd5 Nxd5 7. 0-0 Be7 8. Nxd5 exd5 9. d4 c4 10. b3 b5 11. a4 Na5 12. bxc4 bxc4 13. Qc2 f5 14. Ba3 Nb3 15. Ra2 Bxa3 16. Rxa3 Qd6 17. Ra2 0-0 18. e3 Rb8 19. Nd2 Nxd2 20. Qxd2 Be6 21. Raa1 Qb4 22. Qc2 Qb3 23. Qxb3 Rxb3 24. Rfb1 Rfb8 25. Rxb3 Rxb3 26. Bf3 Kf7 27. Kf1 Rb2 28. Bd1 Ke7 29. Rc1 Bd7 30. Rc2 Rb1 31. Ra2 Kd6 32. Ke1 Kc7 33. Kd2 Kb6 34. Bc2 Rb4 35. f3 g6 36. Kc3 a5 37. Rb2 Rxb2 38. Kxb2 Bc6 39. Kc3 Kc7 40. h4 Kd6 41. Bd1 h6 42. Bc2 Ke6 43. Bd1 Kd6 44. e4 fxe4 45. fxe4 dxe4 46. Kxc4 g5 47. hxg5 hxg5 48. Kc3 Kd5 49. Bb3+ Kd6 50. Kd2 Bd5 51. Bd1 Ke6 52. Ke3 Bc6 53. Bb3+ Kd6 54. Bc2 Ke6 55. Bxe4 Bxa4 56. Kd3 Bb5+ 57. Kc3 Kd6 58. Bc2 Kd5 59. Bb3+ Kd6 60. Kd2 Bc6 61. Bd1 Bd5 62. Kc3 Kc6 63. Ba4+ Kd6 64. Kb2 Bc4 65. Be8 Bd5 66. Bb5 Bc6 67. Bc4 Bd5 68. Bb5 1/2-1/2

[Event "Vsetin op 45th"]
[Site "Vsetin"]
[Date "2020.07.05"]
[Round "2"]
[White "Frank, Adam"]
[Black "Dusbaba, Karel"]
[Result "1/2-1/2"]
[WhiteElo "2227"]
[BlackElo "2039"]
[PlyCount "93"]
[EventDate "2020.07.04"]
[EventType "swiss"]
[EventRounds "9"]
[EventCountry "CZE"]
[SourceTitle "CBM 197 Extra"]
[Source "ChessBase"]
[SourceDate "2020.09.30"]
[SourceVersion "1"]
[SourceVersionDate "2020.09.30"]
[SourceQuality "1"]

1. e4 e6 2. d4 d5 3. Nd2 c5 4. exd5 Qxd5 5. Ngf3 Nf6 6. Bc4 Qd8 7. Nb3 cxd4 8. Nbxd4 Be7 9. 0-0 0-0 10. c3 Qb6 11. Qe2 Nc6 12. Bf4 Nxd4 13. Nxd4 Bd7 14. Rad1 Rac8 15. Bb3 Bc5 16. Be5 Ne8 17. Qg4 Bd6 18. f4 Rc5 19. Rfe1 a5 20. Rd3 a4 21. Bc2 f5 22. Qh4 Bxe5 23. fxe5 Rf7 24. b3 Qc7 25. Qg3 g6 26. c4 Ng7 27. Nf3 Bc6 28. Qf4 Bxf3 29. gxf3 axb3 30. Bxb3 Nh5 31. Qd4 g5 32. h4 h6 33. Qd8+ Qxd8 34. Rxd8+ Kg7 35. hxg5 hxg5 36. Kf2 Nf4 37. Rd4 Kg6 38. Ba4 Re7 39. Bb5 Rh7 40. Be8+ Kg7 41. Rd7+ Kg8 42. Rd8 Rh2+ 43. Kg1 Rg2+ 44. Kf1 Kg7 45. Red1 Rxc4 46. Bc6 Rxc6 47. R1d7+ 1/2-1/2

[Event "Bratislava Doprastav op"]
[Site "Bratislava"]
[Date "2019.04.21"]
[Round "7"]
[White "Dusbaba, Karel"]
[Black "Hotak, Marian"]
[Result "0-1"]
[WhiteElo "2105"]
[BlackElo "1992"]
[PlyCount "98"]
[EventDate "2019.04.18"]
[EventType "swiss"]
[EventRounds "7"]
[EventCountry "SVK"]
[SourceTitle "CBM 189 Extra"]
[Source "ChessBase"]
[SourceDate "2019.05.31"]
[SourceVersion "1"]
[SourceVersionDate "2019.05.31"]
[SourceQuality "1"]

1. c4 g6 2. Nc3 Bg7 3. d4 Nf6 4. e4 0-0 5. Be3 d6 6. f3 c5 7. dxc5 dxc5 8. Qxd8 Rxd8 9. Bxc5 Nc6 10. Nge2 Nd7 11. Ba3 Nde5 12. Ng3 h5 13. Be2 h4 14. Nf1 h3 15. g3 Nd3+ 16. Bxd3 Rxd3 17. Ke2 Ne5 18. Ne3 Rxe3+ 19. Kxe3 Nxc4+ 20. Kd3 Be6 21. Bxe7 Nxb2+ 22. Kd2 Nc4+ 23. Kc2 Rc8 24. Rac1 Ne5 25. f4 Nc6 26. Bh4 Nb4+ 27. Kd2 Rc4 28. Rhd1 Bg4 29. Ne2 Rxe4 30. Re1 Nxa2 31. Rc7 Re6 32. Be7 Rb6 33. Rc2 Nb4 34. Bxb4 Rxb4 35. Rec1 a5 36. Rc4 Rb2+ 37. R1c2 Rb1 38. Nc1 b5 39. Rc7 Bf5 40. Ra2 a4 41. Rb7 Be6 42. Rc2 a3 43. Na2 Bb3 44. Rc8+ Kh7 45. Nc3 Rb2+ 46. Kd3 Bc4+ 47. Ke4 Bxc3 48. f5 gxf5+ 49. Kxf5 Be6+ 0-1